Orfoepičeskij slovar' russkogo jazyka proiznošenije, udarenije, grammmatičeskije formy okolo 63500 slov
Salvato in:
| Natura: | Libro |
|---|---|
| Lingua: | russo |
| Pubblicazione: |
Moskva
Russkij jazyk
1983
|
| Tags: |
Nessun Tag, puoi essere il primo ad aggiungerne!!
|
MARC
| LEADER | 00000nam a2200000 4500 | ||
|---|---|---|---|
| 001 | c116735 | ||
| 005 | 20250901110730.5 | ||
| 041 | 0 | |a rus | |
| 044 | |a RU | ||
| 245 | 1 | 0 | |a Orfoepičeskij slovar' russkogo jazyka |b proiznošenije, udarenije, grammmatičeskije formy okolo 63500 slov |
| 264 | 1 | |a Moskva |b Russkij jazyk |c 1983 | |
| 300 | |a 702 s. | ||